Cybertypes : (Record no. 5911)

MARC details
000 -LEADER
fixed length control field 01451aam a2200217 4500
010 ## - LIBRARY OF CONGRESS CONTROL NUMBER
LC control number 2001048945
020 ## - INTERNATIONAL STANDARD BOOK NUMBER
International Standard Book Number 0415938368(cased) :
Terms of availability 50.00
International Standard Book Number 0415938376(pbk.) :
Terms of availability 12.99
082 04 - DEWEY DECIMAL CLASSIFICATION NUMBER
Classification number 305.8002854678
Edition number 21
100 1# - MAIN ENTRY--PERSONAL NAME
Personal name Nakamura, Lisa.
245 10 - TITLE STATEMENT
Title Cybertypes :
Remainder of title race, ethnicity, and identity on the Internet /
Statement of responsibility, etc. Lisa Nakamura.
260 ## - PUBLICATION, DISTRIBUTION, ETC.
Place of publication, distribution, etc. New York ;
-- London :
Name of publisher, distributor, etc. Routledge,
Date of publication, distribution, etc. 2002.
300 ## - PHYSICAL DESCRIPTION
Extent xix, 169 p. :
Other physical details ill. ;
Dimensions 22 cm.
504 ## - BIBLIOGRAPHY, ETC. NOTE
Bibliography, etc. note Includes bibliographical references and index.
505 ## - FORMATTED CONTENTS NOTE
Formatted contents note Cover; CybertypesRace, Ethnicity, and Identityon the Internet; Title Page; Copyright Page; Table of Contents; Acknowledgments; Introduction; Cybertyping and the Work of Race in the Age of Digital Reproduction; Head-Hunting on the Internet: Identity Tourism, Avatars, and Racial Passing in Textual and Graphic Chat Spaces; Race in the Construct and the Construction of Race: The ""Consensual Hallucination"" of Multiculturalism in the Fictions of Cyberspace; ""Where Do You Want to Go Today?"": Cybernetic Tourism, the Internet, and Transnationality. Menu-Driven Identities: Making Race Happen OnlineConclusion; Keeping It (Virtually) Real: The Discourse of Cyberspace as an Object of Knowledge; Notes; Works Cited; Index.
Miscellaneous information
Statement of responsibility
Title
650 #0 - SUBJECT ADDED ENTRY--TOPICAL TERM
Topical term or geographic name entry element Cyberspace
General subdivision Social aspects.
Topical term or geographic name entry element Internet
General subdivision Social aspects.
Topical term or geographic name entry element Race awareness.
Topical term or geographic name entry element Race discrimination.
Holdings
Withdrawn status Lost status Source of classification or shelving scheme Damaged status Not for loan Collection code Home library Current library Shelving location Date acquired Serial Enumeration / chronology Inventory number Total Checkouts Full call number Barcode Date last seen Date last checked out Price effective from Koha item type
    Dewey Decimal Classification     Main TEST RTC Library RTC Library Main opac 27/11/2018 10809 1 305.8 NAK 30010638 06/08/2024 05/08/2024 27/11/2018 Main
Royal Thimphu College || All Right Reserved